000 00598nam a2200229Ia 4500
003 OSt
005 20220918203249.0
006 a|||||r|||| 00| 0
007 ta
008 220917b |||||||| |||| 00| 0 eng d
024 _a107,110
037 _cTextual
040 _aARTS
_cARTS
_beng
041 _2eng
_aeng
082 _aV3,21wM97, N7
100 _aDutton David
_916281
245 0 _aAnthony Eden
_b a life and reputation
260 _aLondon
_bArnold Pub
_c1997
650 _aHISTORY
942 _hV3,21wM97, N7
_cTEXL
_2CC
999 _c230468
_d230468